名前に「吉」がつく駅 - Statistics

General Stats
  • This quiz has been taken 28 times
  • The average score is 39 of 83
Answer Stats
Hint Answer % Correct
吉川市 吉川
100%
燕市 吉田
100%
東大阪市 吉田
100%
吉野町 吉野
95%
大牟田市 吉野
95%
富士市 吉原
90%
人吉市 人吉
90%
吉川市 吉川美南
86%
横浜市 日吉
81%
南丹市 日吉
81%
倉吉市 倉吉
81%
江東区 住吉
76%
武蔵野市 吉祥寺
76%
大阪市 住吉
76%
神戸市 住吉
76%
神戸市 住吉
76%
吉野ヶ里町 吉野ヶ里公園
76%
長崎市 住吉
76%
宇土市 住吉
76%
南丹市 吉富
71%
御所市 吉野口
71%
吉富町 吉富
71%
燕市 北吉田
67%
燕市 南吉田
62%
蟹江町 富吉
62%
高崎市 吉井
57%
川崎市 元住吉
57%
大阪市 住吉大社
57%
佐世保市 吉井
57%
横浜市 日吉本町
52%
人吉市 西人吉
52%
宮崎市 田吉
52%
湧水町 吉松
52%
富士吉田市 下吉田
48%
半田市 住吉町
48%
吉野町 吉野神宮
48%
人吉市 人吉温泉
48%
大槌町 吉里吉里
43%
亘理町 浜吉田
43%
横浜市 吉野町
43%
富士市 吉原本町
43%
富士市 本吉原
43%
西尾市 吉良吉田
43%
備前市 吉永
43%
下関市 吉見
43%
大船渡市 吉浜
38%
高崎市 西吉井
38%
羽島市 江吉良
38%
高浜市 吉浜
38%
呉市 吉浦
38%
安芸高田市 吉田口
38%
宇和島市 伊予吉田
38%
浦幌町 新吉野
33%
由利本荘市 吉沢
33%
大阪市 住吉東
33%
大阪市 住吉鳥居前
33%
田尻町 吉見ノ里
33%
岡山市 吉備津
33%
福岡市 吉塚
33%
白老町 北吉原
29%
さいたま市 吉野原
29%
いすみ市 国吉
29%
松野町 吉野生
29%
佐野市 吉水
24%
静岡市 日吉町
24%
倉敷市 吉備真備
24%
うきは市 筑後吉井
24%
大仙市 峰吉川
19%
上山市 茂吉記念館前
19%
甲府市 甲斐住吉
19%
長野市 信濃吉田
19%
三次市 吉舎
19%
糸島市 福吉
19%
和歌山市 吉礼
14%
竹原市 吉名
14%
徳島市 吉成
14%
芦北町 吉尾
14%
宮崎市 日向住吉
14%
南部町 剣吉
10%
由利本荘市 子吉
10%
高岡市 新吉久
10%
高岡市 吉久
10%
南国市 住吉通
10%
No matching quizzes found
Score Distribution
Percent of People with Each Score
Percentile by Number Answered
Your Score History
You have not taken this quiz